Sonety (Record no. 20440)
[ view plain ]
| 000 -LEADER | |
|---|---|
| fixed length control field | 01519nam a2200457 a 4500 |
| 001 - CONTROL NUMBER | |
| control field | 20440 |
| 003 - CONTROL NUMBER IDENTIFIER | |
| control field | VRT |
| 005 - DATE AND TIME OF LATEST TRANSACTION | |
| control field | 20260122140900.0 |
| 008 - FIXED-LENGTH DATA ELEMENTS--GENERAL INFORMATION | |
| fixed length control field | 961209q1995 xo g p 000 p slo c |
| 020 ## - INTERNATIONAL STANDARD BOOK NUMBER | |
| International Standard Book Number | 8088834260 (brož.) |
| 035 ## - SYSTEM CONTROL NUMBER | |
| System control number | UKB000210389 |
| 039 #9 - LEVEL OF BIBLIOGRAPHIC CONTROL AND CODING DETAIL [OBSOLETE] | |
| Level of rules in bibliographic description | 201304081301 |
| Level of effort used to assign nonsubject heading access points | gluc |
| Level of effort used to assign subject headings | 201304081253 |
| Level of effort used to assign classification | gluc |
| 040 ## - CATALOGING SOURCE | |
| Original cataloging agency | BAA001 |
| Language of cataloging | slo |
| Transcribing agency | BAA001 |
| Description conventions | AACR2 |
| 041 1# - LANGUAGE CODE | |
| Language code of text/sound track or separate title | slo |
| Language code of original | ita |
| -- | eng |
| 044 ## - COUNTRY OF PUBLISHING/PRODUCING ENTITY CODE | |
| MARC country code | xo |
| ISO country code | SK |
| 080 ## - UNIVERSAL DECIMAL CLASSIFICATION NUMBER | |
| Universal Decimal Classification number | 820-193.2 |
| 080 ## - UNIVERSAL DECIMAL CLASSIFICATION NUMBER | |
| Universal Decimal Classification number | 850-193.2 |
| 100 1# - MAIN ENTRY--PERSONAL NAME | |
| Personal name | Petrarca, Francesco, |
| Dates associated with a name | 1304-1374 |
| 243 10 - COLLECTIVE UNIFORM TITLE | |
| Uniform title | <a href="Renesančná poézia">Renesančná poézia</a> |
| 245 10 - TITLE STATEMENT | |
| Title | Sonety |
| Remainder of title | výber z renesančnej poézie |
| Statement of responsibility, etc. | Francesco Petrarca, Michelangelo Buonarroti, William Shakespeare ; [prel. Viliam Turčány ... et al.] |
| 260 ## - PUBLICATION, DISTRIBUTION, ETC. | |
| Place of publication, distribution, etc. | Rohovce |
| Name of publisher, distributor, etc. | Interpopulart Slovakia |
| Date of publication, distribution, etc. | [1995] |
| 300 ## - PHYSICAL DESCRIPTION | |
| Extent | 91 s. |
| 490 1# - SERIES STATEMENT | |
| Series statement | Populart. Študentská knižnica |
| Volume/sequential designation | 27 |
| 500 ## - GENERAL NOTE | |
| General note | Renesančná poézia |
| 504 ## - BIBLIOGRAPHY, ETC. NOTE | |
| Bibliography, etc. note | Bibliogr. s. 90 |
| 650 07 - SUBJECT ADDED ENTRY--TOPICAL TERM | |
| Topical term or geographic name entry element | literatúra anglická renesančná |
| 650 07 - SUBJECT ADDED ENTRY--TOPICAL TERM | |
| Topical term or geographic name entry element | literatúra talianska renesančná |
| 650 07 - SUBJECT ADDED ENTRY--TOPICAL TERM | |
| Topical term or geographic name entry element | sonety |
| 653 ## - INDEX TERM--UNCONTROLLED | |
| Uncontrolled term | 820-193.2 |
| 653 ## - INDEX TERM--UNCONTROLLED | |
| Uncontrolled term | 850-193.2 |
| 700 0# - ADDED ENTRY--PERSONAL NAME | |
| Personal name | Michelangelo Buonarroti |
| Dates associated with a name | 1475-1564 |
| Relationship | aut |
| 700 1# - ADDED ENTRY--PERSONAL NAME | |
| Personal name | Shakespeare, William, |
| Dates associated with a name | 1564-1616 |
| Relationship | aut |
| 700 1# - ADDED ENTRY--PERSONAL NAME | |
| Personal name | Turčány, Viliam, |
| Dates associated with a name | 1928- |
| Relationship | trl |
| 760 1# - MAIN SERIES ENTRY | |
| Title | Populart. Študentská knižnica |
| 830 #0 - SERIES ADDED ENTRY--UNIFORM TITLE | |
| Uniform title | Populart. Študentská knižnica |
| Volume/sequential designation | 27 |
| 910 ## - USER-OPTION DATA (OCLC) | |
| User-option data | ukb |
| 942 ## - ADDED ENTRY ELEMENTS (KOHA) | |
| Source of classification or shelving scheme | Dewey Decimal Classification |
| Koha item type | Krásna literatúra pre dospelých |
| Suppress in OPAC | No |
| 949 ## - LOCAL PROCESSING INFORMATION (OCLC) | |
| 6 | 1800009252 |
| a | 30.D.66679 |
| b | PV.5673-96 |
| 949 ## - LOCAL PROCESSING INFORMATION (OCLC) | |
| 6 | 1800009251 |
| a | SL.D.24702 |
| b | PV.5674-96 |
| 949 ## - LOCAL PROCESSING INFORMATION (OCLC) | |
| 6 | 1800065037 |
| a | 30.D.66679 |
| b | NA.237-99 |
| Stav vyradenia | Strata | Poškodenie | Spôsob nadobudnutia | Domovská knižnica | Aktuálna knižnica | Dátum nadobudnutia | Total checkouts | Čiarový kód exemplára | Date last seen | Typ exemplára |
|---|---|---|---|---|---|---|---|---|---|---|
| Dar | Obecná knižnica Horná Štubňa | Obecná knižnica Horná Štubňa | 22.01.2026 | 8088834260 | 22.01.2026 | Krásna literatúra pre dospelých |
